Sports Quiz

Random Sports or Basketball Quiz

Maryland Basketball Team 2010-11 Quiz Stats

Quiz not verified by Sporcle

Challenge
Share
Tweet
Embed
Score 0/17 Timer 05:00
0 Plays Today
Jersey Number Player % Correct
20Jordan Williams
98.6%
Head CoachGary Williams
98.6%
21Pe'Shon Howard
97.3%
14Sean Mosley
93.2%
12Terrell Stoglin
89%
35James Padgett
89%
1Adrian Bowie
86.3%
24Cliff Tucker
84.9%
33Dino Gregory
84.9%
Jersey Number Player % Correct
Assistant CoachKeith Booth
76.7%
11Mychal Parker
75.3%
42Ashton Pankey
67.1%
10Berend Weijs
64.4%
13Haukur Palsson
60.3%
15Ersin Levent
56.2%
Assistant CoachOrlando 'Bino' Ranson
47.9%
Assistant CoachRob Ehsan
38.4%

You're not logged in!

Compare scores with friends on all Sporcle quizzes.
Sign Up with Email
OR
Log In

You Might Also Like...

Show Comments

Extras

Top Quizzes Today


Score Distribution

Your Account Isn't Verified!

In order to create a playlist on Sporcle, you need to verify the email address you used during registration. Go to your Sporcle Settings to finish the process.